Fundamentals of investment management + stock investor pro cd + powerweb / (Record no. 345418)
[ view plain ]
| 000 -LEADER | |
|---|---|
| fixed length control field | 01201 a2200217 4500 |
| 020 ## - INTERNATIONAL STANDARD BOOK NUMBER | |
| International Standard Book Number | 0072817321 |
| 020 ## - INTERNATIONAL STANDARD BOOK NUMBER | |
| International Standard Book Number | 9780072817324 |
| 082 04 - DEWEY DECIMAL CLASSIFICATION NUMBER | |
| Classification number | 332 |
| 090 ## - LOCALLY ASSIGNED LC-TYPE CALL NUMBER (OCLC); LOCAL CALL NUMBER (RLIN) | |
| -- | 2928 |
| -- | 2928 |
| 100 1# - MAIN ENTRY--PERSONAL NAME | |
| Personal name | Hirt, Geoffrey A. |
| 245 10 - TITLE STATEMENT | |
| Title | Fundamentals of investment management + stock investor pro cd + powerweb / |
| Statement of responsibility, etc. | Geoffrey A. Hirt. |
| 250 ## - EDITION STATEMENT | |
| Edition statement | 7th ed. |
| 260 ## - PUBLICATION, DISTRIBUTION, ETC. | |
| Place of publication, distribution, etc. | [S.l.] : |
| Name of publisher, distributor, etc. | McGraw-Hill/Irwin, |
| Date of publication, distribution, etc. | 2002. |
| 300 ## - PHYSICAL DESCRIPTION | |
| Extent | 768 p. ; |
| Dimensions | 27 cm. |
| 500 ## - GENERAL NOTE | |
| General note | Hardcover. |
| 520 ## - SUMMARY, ETC. | |
| Summary, etc. | Fundamentals of Investment Management 7/e by Hirt and Block establishes the appropriate theoretical base of investments, while at the same time applying this theory to real-world examples. The textbook provides students with a survey of the important areas of investments: valuation, the marketplace, fixed income instruments and markets, equity instruments and markets, derivative instruments, and a cross-section of special topics, such as international markets and mutual funds. |
| 700 1# - ADDED ENTRY--PERSONAL NAME | |
| Personal name | Block, Stanley B. |
| 856 40 - ELECTRONIC LOCATION AND ACCESS | |
| Materials specified | Amazon.com |
| Uniform Resource Identifier | <a href="http://www.amazon.com/exec/obidos/ASIN/0072817321/chopaconline-20">http://www.amazon.com/exec/obidos/ASIN/0072817321/chopaconline-20</a> |
| 856 40 - ELECTRONIC LOCATION AND ACCESS | |
| Materials specified | Amazon customer reviews |
| Uniform Resource Identifier | <a href="http://www.chopac.org/cgi-bin/tools/azrev.pl?q=0072817321">http://www.chopac.org/cgi-bin/tools/azrev.pl?q=0072817321</a> |
| 942 ## - ADDED ENTRY ELEMENTS (KOHA) | |
| Institution code [OBSOLETE] | NBS |
| Koha item type | Book |
| Call number prefix | 332.6 HIR |
| Withdrawn status | Lost status | Damaged status | Not for loan | Permanent Location | Current Location | Date acquired | Total Checkouts | Full call number | Barcode | Date last seen | Date last checked out | Price effective from | Koha item type |
|---|---|---|---|---|---|---|---|---|---|---|---|---|---|
| Central Library (CL) | Central Library (CL) | 08/28/2013 | 1 | 332.6 HIR | NBS5847 | 11/22/2017 | 08/03/2017 | 08/28/2013 | Book |
